Constitución - organización - contabilidad - administración de la empresa / (Record no. 6851)

000 -CABECERA
fixed length control field 01073nam a22001937a 4500
003 - IDENTIFICADOR DEL NÚMERO DE CONTROL
control field AR-CdUCM
008 - DATOS DE LONGITUD FIJA--INFORMACIÓN GENERAL
fixed length control field 190319b ||||| |||| 00| 0 spa d
040 ## - FUENTE DE LA CATALOGACIÓN
Agencia/entidad que catalogó originalmente la obra MUNICIPALIDAD PROVINCIAL DEL CUSCO
Entidad que transcribió la catalogación BIBLIOTECA MUNICIPAL DEL CUSCO
082 ## - NÚMERO DE LA CLASIFICACIÓN DECIMAL DEWEY
No. de la edición 6ed.
No. de Clasificación 658.1 /
Notacion interna C23
100 ## - ENTRADA PRINCIPAL--NOMBRE DE PERSONA
Nombre Personal Callo Cáceres, Antonio
245 ## - MENCIÓN DE TÍTULO
Título Constitución - organización - contabilidad - administración de la empresa /
260 ## - PUBLICACIÓN, DISTRIBUCIÓN, ETC.
Lugar de publicación, distribución, etc. Lima :
Nombre de la editorial, distribuidor, etc. Artes y Diseños Láser,
Fecha de publicación, distribución, etc. 1999.
300 ## - DESCRIPCIÓN FÍSICA
Nº de Páginas Extensión 2 tomos ;
Otros detalles físicos cuadros ;
Dimensiones 21 cm.
505 ## - NOTA DE CONTENIDO CON FORMATO
Nota de contenido formateada Contenido : t.1. La empresa -- Constitución -- Cambios en la estructura -- Terminología siglas y abreviaturas de uso en la empresa -- Comprobantes de pago y documentos de comercio interno y externo -- Los títulos valores -- Desarrollo organizacional ... -- t.2. Contabilidad de la empresa -- El plan contable general -- Libros de contabilidad -- El balance general y los estados financieros. Impuesto a la renta ...
650 ## - PUNTO DE ACCESO ADICIONAL DE MATERIA--TÉRMINO DE MATERIA
Descriptor Contabilidad administrativa
9 (RLIN) 19302
650 ## - PUNTO DE ACCESO ADICIONAL DE MATERIA--TÉRMINO DE MATERIA
Descriptor Administración de empresas
9 (RLIN) 6082
942 ## - ELEMENTOS DE PUNTO DE ACCESO ADICIONAL (KOHA)
Fuente de clasificación
Tipo de item Libros-BMC
945 ## - PROCESAMIENTO DE INFORMACIÓN LOCAL (OCLC)
Catalogador zta
Holdings
Estado de retiro (separado) Fuente de clasificación o esquema de estanterías Estado dañado Ubicación Sala donde se ubica Nombre de la colección Fecha de adquisición o compra Costo, precio normal en soles Signatura topográfica Código de Barras Última vez visto (Koha) Tipo de ítem (Koha)
No     Sala Ciencias Sala Ciencias Book Cart 2019-03-19 30.00 658.1 / C23 / t.1 SC0000001268 2019-03-19 Libros-BMC
No     Sala Ciencias Sala Ciencias Book Cart 2019-03-19 35.00 658.1 / C23 / t.2 SC0000001269 2019-03-19 Libros-BMC

Powered by Koha